=LDR 00000nam 2200000 4500 =001 INLIS000000000043849 =005 20231214074408 =035 ##$$a 0010-101300000001771 =008 231214################g##########0#ind## =041 ##$$a Ind =082 ##$$a 150 =090 ##$$a 158.1, Orr b =100 ##$$a Kartono, Kartini =245 1#$$a Psikologi Umum /$c DR. Kartini Kartono =260 ##$$a Bandung :$b Mandar Maju,$c 1996 =300 ##$$a xii, 184 hlm. : $b Ilus ; $c 21 x 15 cm. =650 #4$$a Psikologi =850 ##$$a NBPNMAT =084 ##$$a 150 KAR p =020 ##$$a 979-538-127-x =250 ##$$a Cet. 3 =990 ##$$a 20614294 =990 ##$$a 20614293